| 000 | 00639nam a2200193 i 4500 | ||
|---|---|---|---|
| 001 | 104322 | ||
| 003 | ES-MaACL | ||
| 005 | 20230906183553.0 | ||
| 007 | t| | ||
| 008 | 051128s1987 sp ||||1| spa d | ||
| 020 | _a84-600-4730-X | ||
| 100 | 1 |
_aMillán Núñez-Cortes, Jesús. _981154 |
|
| 245 | 1 | 0 |
_aElectrocardiografía clínica / _cJ. Millán Núñez-Cortés, A. Lorenzo Peñuelas. |
| 260 |
_aCádiz : _bUniversidad, Servicio de Publicaciones, _c1987. |
||
| 300 |
_a254 p. : _bil. ; _c24 cm. |
||
| 700 | 1 |
_aLorenzo Peñuelas, Antonio. _974191 |
|
| 710 | 2 |
_aUniversidad de Cádiz. _9171718 |
|
| 852 |
_aES-MaACL _jL-11870 _bR.113208 |
||
| 999 |
_c104322 _d104322 |
||